000 03358cam a2200289 4500500
005 20251228052906.0
041 _afre
042 _adc
100 1 0 _aHilal, Mohamed
_eauthor
700 1 0 _aNadaud, Franck
_eauthor
700 1 0 _ade Gouvello, Christophe
_eauthor
245 0 0 _aMaîtrise de la demande d'électricité en milieu rural : comment délimiter les bassins d'intervention ?
260 _c2005.
500 _a83
520 _aRésuméCet article propose une procédure qui permet de délimiter précisément des aires pertinentes d’intervention dans l’objectif de la mise en place de programmes de Maîtrise de la demande d’électricité (MDE) en milieu rural. La démarche adoptée privilégie les aspects géographiques de la demande sans pour autant négliger les facteurs fondamentaux qui décrivent la nature des usages et les infrastructures du réseau de distribution d’électricité basse tension. La desserte électrique rurale est achevée en France depuis 1970. Cependant, l’accroissement actuel des besoins d’investissement de l’électrification rurale a conduit les autorités publiques de tutelle à promouvoir la MDE en alternative aux renforcements coûteux des réseaux. Parmi les déterminants de la demande d’électricité et de son augmentation, le contexte géographique semble prépondérant. Il se manifeste par le rôle de l’environnement naturel et par celui des dynamiques locales de population. Suite à ce constat, une classification, utilisant les modèles de mélange et intégrant les contraintes de voisinage spatial, permet de délimiter précisément des bassins de consommation électrique. Statistiquement homogènes et géographiquement cohérentes, ces zones peuvent servir de points d’appui à des projets génériques de MDE.
520 _aThe aim of this paper is to define precisely operational zones for the implementation of demand-side management (DSM) programmes for electricity transmission in rural areas. The approach implemented emphasises the geographical aspects of demand without neglecting fundamental aspects pertaining to customer end uses and the low-voltage grid. In France, the grid was extended to rural areas in 1970. However, the current increase in investment needs for the rural grid has prompted the regulatory authorities to promote DSM as a less costly alternative to grid reinforcement. Among the determinants of electricity demand and its increase, the geographical context seems preponderant. It encompasses the natural environment and local population trends resulting from changing lifestyles. To take this into account, a classification based on Gaussian mixture models and integrating spatial constraints of the neighbouring area can be used to identify areas of high electricity consumption.
690 _aclassification sous contrainte de voisinage spatial
690 _aélectrification rurale
690 _aestimation de mélange de lois
690 _amaîtrise de la demande d'électricité
690 _ademand-side management
690 _amixture estimation
690 _arural electrification
690 _aspatial clustering
786 0 _nL’Espace géographique | 34 | 1 | 2005-03-01 | p. 29-48 | 0046-2497
856 4 1 _uhttps://shs.cairn.info/revue-espace-geographique-2005-1-page-29?lang=fr&redirect-ssocas=7080
999 _c1584783
_d1584783